Statistiques concernant Pays par deux premières lettres en 30 secondes

Cliquez ici pour prendre le quiz!

Statistiques générales

  • Ce quiz a été pris 848 fois
  • Le résultat moyen est 68 sur 196

Réponses sur la Carte

Les réponses sont colorées sur une échelle allant du rouge au vert en fonction du pourcentage des utilisateurs qui les ont devinées à leur premier essai. Vous pouvez retrouver ces pourcentages ci-dessous.
 

Statistiques - réponses

Pays% Correct
Etats-Unis
85%
Éthiopie
85%
France
83%
Cambodge
82%
Cameroun
82%
Canada
82%
Cap-Vert
82%
Chili
79%
Chine
79%
Chypre
79%
Russie
76%
Brésil
71%
Brunei
71%
Albanie
69%
Algérie
69%
Allemagne
69%
Arabie Saoudite
67%
Argentine
67%
Arménie
67%
Île Maurice
67%
Espagne
66%
Estonie
66%
Macédoine
66%
Madagascar
66%
Malaisie
66%
Malawi
66%
Maldives
66%
Mali
66%
Malte
66%
Maroc
66%
Mauritanie
66%
Australie
65%
Autriche
65%
Mexique
65%
République démocratique
du Congo
64%
République du Congo
64%
Colombie
56%
Comores
56%
Corée du Nord
56%
Corée du Sud
56%
Costa Rica
56%
Côte d'Ivoire
56%
Pologne
55%
Portugal
55%
Inde
51%
Indonésie
51%
Irak
49%
Iran
49%
Irlande
49%
Suède
49%
Suisse
49%
Suriname
49%
Pakistan
48%
Palaos
48%
Panama
48%
Papouasie-Nouvelle-
Guinée
48%
Paraguay
48%
Pays-Bas
48%
Norvège
47%
Nouvelle-Zélande
47%
Moldavie
46%
Monaco
46%
Mongolie
46%
Monténégro
46%
Mozambique
46%
Roumanie
44%
Royaume-Uni
44%
Afghanistan
43%
Afrique du Sud
43%
Liban
41%
Liberia
41%
Libye
41%
Liechtenstein
41%
Lituanie
41%
Danemark
40%
Fidji
40%
Finlande
40%
Belgique
37%
Belize
37%
Bénin
37%
Islande
37%
Israël
37%
Italie
37%
Tunisie
36%
Turkménistan
36%
Turquie
36%
Tuvalu
36%
Pérou
35%
Andorre
34%
Angola
34%
Antigua-et-Barbuda
34%
Bolivie
32%
Bosnie-Herzégovine
32%
Botswana
32%
Nicaragua
31%
Niger
31%
Nigeria
31%
République
Centrafricaine
30%
Somalie
30%
Soudan
30%
Soudan du Sud
30%
Guatemala
29%
Guinée
29%
Guinée-Bissau
29%
Guinée équatoriale
29%
Guyana
29%
Saint-Christophe-
et-Niévès
29%
Sainte-Lucie
29%
Saint-Marin
29%
Saint-Vincent-et-les-
Grenadines
29%
Salomon
29%
Salvador
29%
Samoa
29%
Sao Tomé-et-Principe
29%
Jamaïque
26%
Japon
26%
République dominicaine
25%
République tchèque
25%
Égypte
24%
Kazakhstan
22%
Uruguay
22%
Bahamas
21%
Bahreïn
21%
Bangladesh
21%
Barbade
21%
Cuba
21%
Lesotho
20%
Lettonie
20%
Namibie
20%
Nauru
20%
Ukraine
20%
Venezuela
20%
Biélorussie
19%
Birmanie
19%
Équateur
19%
Sénégal
17%
Serbie
17%
Seychelles
17%
Honduras
16%
Hongrie
16%
Bulgarie
15%
Burkina Faso
15%
Burundi
15%
Tadjikistan
15%
Taïwan
15%
Tanzanie
15%
Vanuatu
15%
Vatican
15%
Gabon
14%
Gambie
14%
Grèce
13%
Grenade
13%
Kirghizistan
13%
Kiribati
13%
Érythrée
12%
Haïti
12%
Luxembourg
12%
Micronésie
12%
Ouganda
12%
Ouzbékistan
12%
Sierra Leone
12%
Singapour
12%
Slovaquie
12%
Slovénie
12%
Tchad
12%
Croatie
11%
Dominique
10%
Népal
10%
Thaïlande
10%
Timor oriental
10%
Togo
10%
Tonga
10%
Trinité-et-Tobago
10%
Azerbaïdjan
9%
Ghana
9%
Kosovo
9%
Koweït
9%
Laos
9%
Qatar
9%
Zambie
8%
Kenya
7%
Sri Lanka
7%
Viêt Nam
7%
Yémen
7%
Djibouti
6%
Îles Marshall
6%
Oman
6%
Zimbabwe
6%
Bhoutan
5%
Émirats arabes unis
5%
Rwanda
5%
Syrie
5%
Géorgie
4%
Philippines
4%
Jordanie
3%
Swaziland
3%

Distribution des résultats

Percentile par nombre de réponses

% des personnes avec chaque résultat

Votre développement - résultats

Vous n’avez pas pris ce quiz